[Event "FRA-NED"]
[Site "Cannes"]
[Date "1990.??.??"]
[Round "7"]
[White "Ree, Hans"]
[Black "Kouatly, Bachar"]
[Result "1-0"]
[WhiteElo "2455"]
[BlackElo "2490"]
[Annotator "Ribli,Z"]
[PlyCount "91"]
[EventDate "1990.02.??"]
[EventType "schev"]
[EventRounds "10"]
[EventCountry "FRA"]
[SourceTitle "CBM 018"]
[Source "ChessBase"]
[SourceDate "1990.10.01"]
[SourceVersion "1"]
[SourceVersionDate "1990.10.01"]
[SourceQuality "1"]

1. Nf3 Nf6 2. c4 g6 3. b4 Bg7 4. Bb2 O-O 5. e3 b6 6. Be2 c5 7. a3 Bb7 8. O-O d6
9. d4 {9.Nc3, Nbd7 Espig,L-Gruenberg,H DDR-ch Zittau 1989 CBM/12} Nbd7 10. d5 {
10.Nbd2!?} cxb4 11. axb4 b5 12. Nbd2 bxc4 {12...Nb6!?} 13. e4 Nb6 14. Bd4 Qd7
15. Bxb6 axb6 16. Rxa8 Rxa8 17. Bxc4 Ne8 18. Bd3 b5 19. Nb3 Bc3 20. Nbd4 Bxb4
21. Bxb5 Qc8 {21...Qc7? 22.Bxe8, Rxe8 23.Qa4 +/-} 22. Qb1 Qc5 $2 {22...Bc5 22..
.Bc3} 23. Rc1 Bc3 24. Bxe8 Rxe8 25. Qxb7 {+/-} Qa3 26. Rf1 Kf8 27. Nc6 Bf6 28.
h3 Kg7 29. Qd7 Ra8 30. e5 dxe5 31. Ncxe5 h5 32. Qc6 Rd8 33. Nd7 Bb2 34. Qc7 Ra8
35. Qc2 Kg8 36. Nb6 Rb8 37. Nc4 Qc5 38. Rb1 Rb4 39. Rxb2 Rxc4 40. Rb8+ Kh7 41.
Qb2 f6 42. Ng5+ Kh6 43. Ne6 Rc1+ 44. Kh2 Qd6+ 45. f4 Kh7 46. Rd8 1-0

[Event "ISR-chT"]
[Site "Israel"]
[Date "2005.05.06"]
[Round "9"]
[White "Blodstein, Arkady"]
[Black "Roiz, Michael"]
[Result "0-1"]
[WhiteElo "2310"]
[BlackElo "2579"]
[Annotator "Roiz,M"]
[PlyCount "70"]
[EventDate "2005.01.08"]
[EventType "team"]
[EventRounds "11"]
[EventCountry "ISR"]
[SourceTitle "CBM 107"]
[Source "ChessBase"]
[SourceDate "2005.08.01"]
[SourceVersion "1"]
[SourceVersionDate "2005.08.01"]
[SourceQuality "1"]

1. c4 e6 2. Nf3 Nf6 3. b3 g6 $5 {This looks a bit strange, but I tried to get
an original type of positions. In fact, the position is closed, so White
cannot exploit the drawbacks of Black's setup.} 4. Bb2 Bg7 5. g3 b6 6. Bg2 Bb7
7. O-O O-O $11 {Black has successfully solved his opening problems. White's
extra tempo has no importance in this symetrical position.} 8. d3 {In my
opinion,white is playing too passively.} ({I would prefer:} 8. d4 $5 {fighting
for the space advantage.}) 8... c5 (8... d6 9. Nbd2 Nbd7 10. Qc2 Qe7 11. Rfe1
Rab8 12. Rad1 e5 $11 {0-1 Monticelli,M-Sacconi,A/Venice 1925/EXT 2002 (66)}) 9.
Nbd2 Nc6 {In my opinion,the knight is better placed at c6 than at d7, because
it puts more pressure on the central squares.} ({Also possible was:} 9... d5 $5
) 10. a3 $146 {White intents to reach some play on the queen-side by b3-b4.} (
10. Rb1 Qc7 11. a3 a5 12. Qc2 Rad8 13. Rfc1 Rfe8 14. e3 e5 15. Ne4 Nxe4 16.
dxe4 Ra8 17. Bc3 Nd8 18. Rd1 Bc6 19. Nd2 Nb7 $11 {0-1 Ivanov,I-Vaganian,R/New
York 1990/CBM 16 ext (57)}) 10... Re8 {A flexible move - Black is not hurrying
with an advancement of his Pd7 and makes a useful prophylactic move.} ({
The alternatives were:} 10... a5 $5) ({and} 10... Qe7 $5 {Of course,the
position looks equal anyway.}) 11. Qb1 {[%cal Gb3b4,Gf1d1] A typical manoevre.
White leaves a good square for the Rf1 and prepares b3-b4.} (11. Rb1 a5 $11 (
11... d5 12. b4 dxc4 13. dxc4 cxb4 14. axb4 $14)) 11... a5 {The weakness of
the square b5 is not significant here. At the same time, Black should prevent
White from playing b3-b4.} 12. Rd1 (12. Ne5 Qc7 13. Nxc6 Bxc6 14. Bxc6 Qxc6 $11
) 12... Qe7 13. d4 {Finally, this natural advancement comes.} ({An equal
position would arise after} 13. Ne4 d5 14. Nxf6+ Bxf6 15. Bxf6 Qxf6 $11) 13...
Rab8 (13... d6 $5 {also deserved attention} {in order to meet} 14. e4 $140 {
with} e5 $132) 14. e4 d5 $1 {Black should play energetically in order to avoid
an inferior position.} ({Worse was:} 14... cxd4 $6 15. Nxd4 Nxd4 16. Bxd4 d5
17. exd5 exd5 18. Re1 Qd6 19. Qb2 $14 {with some pressure by White.}) 15. exd5
(15. e5 $6 Nd7 $15) (15. dxc5 $6 dxe4 $1 16. Nxe4 Nxe4 17. Bxg7 Kxg7 18. Qxe4
bxc5 $15) 15... exd5 16. Re1 $1 {White should take control over the open
e-file.} ({The following variations are in Black's favour:} 16. cxd5 $143 $6
Nxd5 17. dxc5 Nc3 $1 18. Bxc3 Bxc3 19. Ra2 bxc5 $15) (16. dxc5 $5 Qxc5 17. cxd5
Re2 18. Rf1 Qxd5 19. Qd1 $1 Rbe8 20. Nc4 $1 $11 (20. Nd4 $2 Qxg2+ 21. Kxg2
Nxd4+ 22. Kh3 R8e5 $1 23. Qxe2 (23. g4 $2 h5 $19) 23... Rxe2 24. Bxd4 Rxd2 $17)
) 16... Qf8 17. Qc2 {Connecting the rooks is the most logical decision.} (17.
cxd5 Rxe1+ 18. Qxe1 Nxd5 $15) (17. dxc5 Qxc5 18. cxd5 Qxd5 19. Nc4 Qc5 $15)
17... cxd4 (17... dxc4 18. Nxc4 b5 19. Nce5 Nxd4 20. Nxd4 Bxg2 21. Kxg2 cxd4
22. Bxd4 Qd6 23. Nf3 $11) 18. Nxd4 Qc5 19. Nxc6 Bxc6 20. h3 $6 {This is a
first inaccuracy which allows Black to reach some advantage.} ({The correct
continuation was:} 20. Qc3 $142 $1 {(Blodstein,A)} Nh5 (20... Rbd8 21. Qd4 $11)
21. Qc2 Bxb2 22. Qxb2 dxc4 23. Nxc4 Bxg2 24. Kxg2 $11 {with an equality.})
20... b5 $6 $138 {That energetical breakthrough looks tempting, but actually I
should play more accurately in order to keep some advantage.} ({The right move
was:} 20... Rbc8 $142 21. Qc3 (21. Rac1 Rxe1+ 22. Rxe1 b5 $15 23. b4 $140 axb4
24. axb4 Qxb4 25. Bxf6 Bxf6 26. cxd5 Bd7 $36) 21... Nh5 22. Qc2 dxc4 23. Bxg7
$1 (23. Bxc6 Rxe1+ 24. Rxe1 c3 $17) (23. Rxe8+ Rxe8 24. b4 (24. Bxg7 $2 Re2 $19
) 24... axb4 25. axb4 Qxb4 $1 26. Bxg7 Kxg7 27. Bxc6 Re2) 23... Bxg2 (23...
Nxg7 24. Qxc4 $11) 24. Bb2 Bxh3 25. Qc3 f6 26. Qxc4+ $15 {although White has
excellent chances to draw in the arisen endgame.}) 21. b4 $1 {An excellent
resource which was underestimated by me.} axb4 22. axb4 Qxb4 23. Rxe8+ $1 {
The correct intermediate exchange.} ({Wrong would be:} 23. cxd5 $2 Bxd5 24.
Bxf6 Bxf6 25. Bxd5 Bxa1 26. Rxa1 Qd4 27. Qa2 Re2 28. Bxf7+ Kg7 $19) 23... Rxe8
24. cxd5 $2 {Missing a great chance to equalize !} ({There was a nice
possibility:} 24. Ra6 $142 $3 {[%csl Ga6,Rc6,Rf6][%cal Ga6c6,Ga6f6] after that
powerful move black is unable to hold his extra pawn:} Re1+ (24... Re2 25. Rxc6
Rxd2 26. Rc8+ Bf8 27. Bc3 Rxc2 28. Bxb4 Nd7 29. Bxd5 bxc4 $11) 25. Nf1 (25. Kh2
Re2 26. Rxc6 Rxd2 27. Rc8+ Bf8 28. Bc3 Rxc2 29. Bxb4 Nd7 30. Bxd5 Rxf2+ 31. Kg1
Rb2 $15) 25... Qc5 $8 26. Ba3 b4 27. Bxb4 Qxb4 28. Rxc6 dxc4 $11) 24... Bxd5
$17 {Now White has no tactical resources, so Black remains with a heavy extra
pawn.} 25. Bxd5 (25. Bxf6 $2 Bxf6 26. Rb1 Qd4 $19) 25... Nxd5 26. Qc6 ({
Nothing changes also} 26. Bxg7 Kxg7 27. Rb1 Qc3 $17) 26... Rd8 27. Ra8 (27.
Bxg7 Kxg7 28. Nf3 Qc3 29. Qxc3+ Nxc3 30. Ne5 (30. Ra3 b4 31. Rb3 Rd1+ 32. Kg2
Rb1 33. Rxb1 Nxb1 $19) 30... Kf6 31. f4 Rd1+ 32. Rxd1 Nxd1 $19) 27... Rxa8 28.
Qxa8+ Bf8 {That is the only, but quite sufficient move.} (28... Qf8 $2 29. Qxd5
Bxb2 30. Qxb5 $11) 29. Qxd5 Qxb2 30. Nb3 ({Or} 30. Kf1 b4 31. h4 h5 32. Nb3 $17
) 30... Qe2 31. Nd4 $2 {A decisive mistake in a very hard position.} ({It was
necessary to keep the knight at b3 at any cost:} 31. Kg2 $142 Qc4 32. Qd1 $17)
31... Qd3 $19 {Now white cannot stop black's passed pawn.} 32. Qd8 b4 33. Qb6 (
{Hopeless was also:} 33. Kg2 Qe4+ 34. Kh2 Qb7 35. Nb3 Qf3 $19 {[%csl Rb3,Rf2]
[%cal Gf3f2,Gf3b3]}) 33... h5 34. h4 Qc4 35. Kh2 Qd5 ({White resigns in view
of:} 35... Qd5 36. Kg1 (36. Ne2 Qc5 37. Qxc5 Bxc5 38. Kg2 b3 39. Nc3 b2 40. Kf3
Kg7 $19) 36... Bc5 37. Qb8+ Kh7 $19) 0-1

[Event "New Delhi Parsvnath op-A 16th"]
[Site "New Delhi"]
[Date "2018.01.13"]
[Round "7"]
[White "Rahman, Ziaur"]
[Black "Naiditsch, Arkadij"]
[Result "0-1"]
[WhiteElo "2472"]
[BlackElo "2701"]
[Annotator "Sagar Shah"]
[PlyCount "80"]
[EventDate "2018.01.09"]
[EventType "swiss"]
[EventRounds "10"]
[EventCountry "IND"]
[SourceTitle "CBM 183"]
[Source "ChessBase"]
[SourceDate "2018.03.14"]
[SourceVersion "1"]
[SourceVersionDate "2018.03.14"]
[SourceQuality "1"]

1. Nf3 Nf6 2. c4 g6 3. b4 {I like this move when I see it. It gains space on
the queenside, but I am always unsure how to meet it when Black plays ...a5.}
Bg7 4. Bb2 O-O 5. g3 c6 {Naiditsch goes for a Grünfeld type play.} 6. Bg2 d5 7.
cxd5 (7. Na3 {is something to think about.} a5 8. b5 dxc4 9. bxc6 Nxc6 10. Nxc4
Be6 $11 {Nothing special, but White is not worse.}) 7... Nxd5 8. Bxg7 Kxg7 9.
a3 (9. Qb3 Qb6 10. a3 a5 $15) 9... a5 {I have the feeling that Black should
already be very happy with what he has achieved out of the opening.} 10. Nc3 (
10. bxa5 {would have been the lesser evil, but then no one likes to play with
an isolated pawn like a3.}) 10... Nxc3 11. dxc3 Qxd1+ 12. Rxd1 axb4 13. axb4 {
The rook on a8 gets activated without having to move!} Ra3 14. Rc1 Na6 15. O-O
Rd8 {The bishop comes to e6, the knight will go from c7 to b5. All in all, all
the black forces co-ordinates with each other.} 16. Ne5 Be6 17. Ra1 (17. b5
cxb5 18. Bxb7 Nc5 $17) 17... Rxa1 18. Rxa1 Nc7 {There is no time for 19.Ra7
because the back rank is weak.} 19. h4 Nb5 {And now Ra7 is not possible.} 20.
c4 Nc3 21. b5 (21. Kf1 f6 {and the c4-pawn falls.}) 21... cxb5 22. cxb5 f6 23.
Nf3 Nxe2+ 24. Kh2 Nc3 {Black is a pawn up and the other one on b5 is also weak.
} 25. Ra7 Bd5 26. Nd4 Kf7 27. Nc2 (27. Bxd5+ Rxd5 $19) 27... Nxb5 28. Bxd5+
Rxd5 29. Rxb7 Rd2 30. Kg1 Nd6 31. Rc7 Ne4 {Through tactical means Naiditsch
ensures that he is not just one, but two pawns up.} 32. Nb4 Nxf2 33. Nc6 Ke6 $1
{This is good technique. To find the best moves in any given position.} 34.
Nxe7 (34. Rxe7+ Kd6 $19) 34... Ng4 35. Nc8 h5 36. Nb6 Ne3 37. Kh1 Rd3 38. Na4
Kf5 39. Nb2 Rb3 40. Nc4 Nxc4 (40... Nxc4 {White resigned.} 41. Rxc4 Rxg3 42.
Kh2 Re3 $19) 0-1